| 000 | 00381cam a2200133 a 4500 | ||
|---|---|---|---|
| 082 | 0 | 0 |
_a693 _bROO |
| 100 |
_aBrandreth, a.m _945541 |
||
| 245 | 0 | 4 |
_aRoorkee treatise on civil engineering _cA.m brandreth |
| 260 |
_aAllahabad : _bGovt, press _cc1909. |
||
| 300 |
_aiv, 81 p. : _bill. ; _c24 cm. |
||
| 526 |
_a0 _b0 _c0 _d693_000000000000000_ROO |
||
| 650 | 0 |
_aMCE _9379 |
|
| 942 |
_2ddc _cBK |
||
| 999 |
_c549032 _d549032 |
||